000 00443nam a22001817a 4500
003 koha_MIRAKIL
005 20231213095537.0
008 231213b |||||||| |||| 00| 0 ||| d
020 _b978-1-936140-67-1
040 _aTR-IsEVY
_btur
_cTR-IsEVY
082 _a420 CLA/D
100 _aCLARKE, JANE.
245 0 _aDANCING WITH THE DINOSAURS.
260 _bImagine,
_c2012
300 _a[ ] p.
650 _aİngiliz Dili.
942 _2ddc
_cBK
999 _c5403
_d5403